00613 2200241 4500001002100000005001500021035002500036245004900061250001100110260003600121300003100157007000300188008004100191020001800232040001700250082001200267084001400279100002200293650002000315850001200335990001200347990001200359YOGYA00000000002372620210531090550 a0010-081400000023444 0aSengsara membawa nikmat /cSati, Tulis Sutan aCet. 33 aJakarta :bBalai Pustaka,c1991 a192 hlm. :bilus. ;c21 cmta130803s1991 jki g 0 1 ind d a979-407-360-1 aYOPDYOGbind 222a813 a813 SAT s1 aSati, Tulis Sutan 4aFiksi Indonesia aYOPDYOG a17439-B a17439-B